[Event "CPA Zevio 2017"]
[Site "?"]
[Date "2017.01.15"]
[Round "2.12"]
[White "Pisani, Valerio"]
[Black "Levan, Alessandro"]
[Result "1/2-1/2"]
[WhiteElo "1702"]
[BlackElo "1590"]
[PlyCount "74"]
[EventDate "2017.??.??"]

1. e4 e5 2. Nf3 d6 3. d4 exd4 4. Nxd4 Nf6 5. Nc3 Be7 6. Bd3 Bd7 7. h3 Nc6 8.
Nf3 h6 9. Be3 a6 10. O-O O-O 11. a3 Qc8 12. Kh2 Nd8 13. Nd5 Nxd5 14. exd5 Bf5
15. Nd4 Bxd3 16. Qxd3 c6 17. Nf5 Qd7 18. Bd4 f6 19. Rae1 Rf7 20. c4 b5 21. b3
bxc4 22. bxc4 cxd5 23. cxd5 Nb7 24. Re3 Nc5 25. Bxc5 dxc5 26. d6 Bf8 27. Qd5
Rd8 28. Re6 Qb5 29. Rfe1 c4 30. Qf3 Qb8 31. Qg3 Kh7 32. Rd1 Qb3 33. Qxb3 cxb3
34. Rb1 Rfd7 35. Rxb3 Bxd6+ 36. Nxd6 Rxd6 37. Rxd6 Rxd6 1/2-1/2

[Event "CPA Zevio 2017"]
[Site "?"]
[Date "2017.01.15"]
[Round "2.13"]
[White "Martinelli, Franco"]
[Black "Zenti, Edoardo"]
[Result "0-1"]
[WhiteElo "1514"]
[BlackElo "1676"]
[PlyCount "64"]
[EventDate "2017.??.??"]

1. d4 Nf6 2. Nf3 d5 3. e3 e6 4. a3 Bd6 5. g3 O-O 6. Bg2 Nbd7 7. O-O Re8 8. Nc3
c6 9. Re1 e5 10. dxe5 Nxe5 11. e4 dxe4 12. Nxe5 Bxe5 13. Qxd8 Rxd8 14. Bg5 Bf5
15. Bxf6 Bxf6 16. Bxe4 Bxe4 17. Nxe4 Bxb2 18. Rab1 Bxa3 19. Rxb7 Re8 20. f3 f5
21. Rf1 fxe4 22. fxe4 Rxe4 23. Rff7 Bf8 24. Rf3 a5 25. Rc3 c5 26. Ra3 c4 27.
Ra4 Re2 28. Rxc4 a4 29. Rb2 a3 30. Ra2 Rb8 31. Rf4 Rb1+ 32. Rf1 Bc5+ 0-1

[Event "CPA Zevio 2017"]
[Site "?"]
[Date "2017.01.15"]
[Round "2.14"]
[White "Antolini, Aldo"]
[Black "Kapllani, Shpetim"]
[Result "0-1"]
[WhiteElo "1660"]
[BlackElo "1449"]
[PlyCount "134"]
[EventDate "2017.??.??"]

1. d4 g6 2. Nf3 Bg7 3. g3 e6 4. Bg2 d5 5. O-O Nf6 6. c4 c6 7. cxd5 cxd5 8. Nc3
O-O 9. Bg5 Qb6 10. Qd2 Nc6 11. Bxf6 Bxf6 12. e3 Qc7 13. Rfe1 Ne7 14. Rac1 Qd7
15. e4 dxe4 16. Nxe4 Nd5 17. Nxf6+ Nxf6 18. Qh6 Rb8 19. Rc2 b6 20. Rec1 Bb7 21.
Rc7 Qd6 22. h3 Bxf3 23. Bxf3 Qxd4 24. Rxa7 Qxb2 25. Rcc7 b5 26. Qf4 Rbc8 27.
Bc6 Rxc7 28. Rxc7 Nd5 29. Bxd5 exd5 30. Rb7 d4 31. a4 Qa1+ 32. Kg2 Qxa4 33. Rd7
Qa8+ 34. Kh2 Qb8 35. Qxd4 b4 36. Qd5 Qe8 37. Rb7 Qe6 38. Qxe6 fxe6 39. Kg2 h5
40. Rxb4 Kg7 41. Re4 Re8 42. f3 Kf6 43. Rf4+ Kg7 44. g4 e5 45. Re4 h4 46. f4
Kf6 47. Kf3 g5 48. f5 Ra8 49. Re3 Ra4 50. Kg2 Rf4 51. Rf3 e4 52. Rb3 Ke5 53.
Rb5+ Kf6 54. Rb6+ Ke5 55. Rg6 e3 56. Re6+ Kd4 57. Rd6+ Kc3 58. Re6 Kd2 59. Rd6+
Ke1 60. Re6 Rf2+ 61. Kg1 e2 62. f6 Rf4 63. Re5 Rxf6 64. Rxg5 Kd2 65. Rd5+ Ke3
66. Re5+ Kd3 67. Rd5+ Ke4 0-1

[Event "CPA Zevio 2017"]
[Site "?"]
[Date "2017.01.15"]
[Round "2.15"]
[White "Nori, Marco"]
[Black "Kurylovich, Alena"]
[Result "0-1"]
[WhiteElo "1440"]
[BlackElo "1644"]
[PlyCount "92"]
[EventDate "2017.??.??"]

1. d4 Nf6 2. Bf4 e6 3. e3 c5 4. c3 b6 5. Nf3 Bb7 6. Nbd2 Be7 7. Bd3 O-O 8. O-O
Nc6 9. Ne5 d6 10. Nxc6 Bxc6 11. Bg3 Rc8 12. e4 b5 13. Re1 e5 14. d5 Bd7 15. h3
h6 16. a3 c4 17. Bc2 Nh7 18. f4 exf4 19. Bxf4 Bh4 20. Rf1 Bg5 21. Bxd6 Qb6+ 22.
Kh1 Qxd6 23. Qe2 Rce8 24. Qf2 Re7 25. Rad1 Qb6 26. Qf3 Qe3 27. Qh5 Nf6 28. Qf3
Qxf3 29. gxf3 Bxh3 30. Rf2 Bf4 31. Nf1 Re5 32. Nh2 Nh5 33. Ng4 Rg5 34. d6 Rd8
35. d7 Bxg4 36. fxg4 Rxg4 37. Rg2 Ng3+ 38. Kg1 Be3+ 39. Kh2 Bf4 40. Kh3 h5 41.
a4 a6 42. axb5 axb5 43. Rd5 g5 44. Kh2 Rh4+ 45. Kg1 Rh1+ 46. Kf2 Rf1# 0-1

[Event "CPA Zevio 2017"]
[Site "?"]
[Date "2017.01.15"]
[Round "2.16"]
[White "Benedetti, Maurizio"]
[Black "Rizzi, Matilde"]
[Result "1/2-1/2"]
[WhiteElo "1635"]
[BlackElo "1389"]
[PlyCount "71"]
[EventDate "2017.??.??"]

1. e4 e5 2. Nf3 Nc6 3. Bb5 Nge7 4. c3 a6 5. Ba4 b5 6. Bc2 Ng6 7. d3 h6 8. Nbd2
Bc5 9. O-O O-O 10. Re1 Re8 11. Nf1 d5 12. exd5 Qxd5 13. d4 Bb6 14. Qd3 Bb7 15.
Bb3 Qd6 16. Ng3 Nh8 17. Ne4 Qd7 18. Bxh6 Qf5 19. Be3 exd4 20. Bxd4 Nxd4 21.
Nxd4 Bxd4 22. Bc2 Bxe4 23. Rxe4 Qxf2+ 24. Kh1 Rxe4 25. Qxe4 g6 26. Qxa8+ Kg7
27. Qe4 Bb6 28. Bd3 Qxb2 29. Rf1 Qxc3 30. h4 Qc5 31. Qf3 a5 32. Qf6+ Kg8 33.
Qd8+ Kg7 34. Qf6+ Kg8 35. Qd8+ Kg7 36. Qf6+ 1/2-1/2

[Event "CPA Zevio 2017"]
[Site "?"]
[Date "2017.01.15"]
[Round "2.17"]
[White "Venturini, Valter"]
[Black "Leone, Cataldo"]
[Result "0-1"]
[WhiteElo "1359"]
[BlackElo "1620"]
[PlyCount "64"]
[EventDate "2017.??.??"]

1. d4 d5 2. Bf4 Bf5 3. e3 Nc6 4. Bd3 Bg6 5. Nf3 e6 6. c3 Nf6 7. Bxg6 hxg6 8.
Ne5 Nxe5 9. dxe5 Nh5 10. Qf3 c6 11. O-O Qb6 12. Nd2 Qxb2 13. Rfd1 Qxc3 14. Bg5
Qxe5 15. Bf4 Nxf4 16. Qxf4 Bd6 17. Nf3 Qxa1 18. Rxa1 Bxf4 19. exf4 Ke7 20. h3
Rhd8 21. Nd4 Rac8 22. Rb1 Rd7 23. Re1 c5 24. Ne2 c4 25. Nd4 c3 26. f5 c2 27.
Rc1 gxf5 28. f4 Rc4 29. Ne2 d4 30. Re1 d3 31. Ng3 d2 32. Nxf5+ Kf8 0-1

[Event "CPA Zevio 2017"]
[Site "?"]
[Date "2017.01.15"]
[Round "2.18"]
[White "Zonta, Riccardo"]
[Black "Perantoni, Matteo"]
[Result "1/2-1/2"]
[WhiteElo "1582"]
[BlackElo "1611"]
[PlyCount "44"]
[EventDate "2017.??.??"]

1. e4 c5 2. d3 Nc6 3. g3 g6 4. Bg2 Bg7 5. f4 e6 6. Nf3 d5 7. O-O Nge7 8. c3 O-O
9. e5 b6 10. Be3 Bb7 11. Na3 a6 12. Nc2 Qd7 13. Bf2 Rfd8 14. Re1 h5 15. Rc1 Nf5
16. h4 Qc7 17. Kh2 Bf8 18. a3 c4 19. d4 Na5 20. Na1 Bc6 21. Nd2 Qd7 22. Qe2 Be7
1/2-1/2

[Event "CPA Zevio 2017"]
[Site "?"]
[Date "2017.01.15"]
[Round "3.1"]
[White "De Paoli, Emilio"]
[Black "Zenari, Marco"]
[Result "1/2-1/2"]
[WhiteElo "1765"]
[BlackElo "2024"]
[PlyCount "67"]

1. e4 c5 2. Nf3 d6 3. d4 cxd4 4. Nxd4 Nf6 5. Nc3 g6 6. Be3 Bg7 7. f3 O-O 8. Qd2
Nc6 9. O-O-O d5 10. Nxc6 bxc6 11. exd5 Nxd5 12. Nxd5 cxd5 13. Qxd5 Qc7 14. Qc5
Qb7 15. Bd4 Bf5 16. Bxg7 Rfc8 17. Rd8+ Rxd8 18. Bc3 Rac8 19. Qa5 Rd5 20. Qa4
Qb6 21. Bc4 Qe3+ 22. Kb1 Rb8 23. Ka1 Rd6 24. a3 Bd7 25. Qa5 Rc6 26. Re1 Qc5 27.
Qxc5 Rxc5 28. Rxe7 Rxc4 29. Rxd7 a5 30. g3 a4 31. Rd3 Rbc8 32. Kb1 Kf8 33. Re3
R8c7 34. Bb4+ 1/2-1/2

[Event "CPA Zevio 2017"]
[Site "?"]
[Date "2017.01.15"]
[Round "3.2"]
[White "Oppici, Gabriele"]
[Black "Negro, Raffaele"]
[Result "1-0"]
[WhiteElo "2018"]
[BlackElo "1804"]
[PlyCount "71"]
[EventDate "2017.??.??"]

1. d4 g6 2. Nf3 Bg7 3. Bf4 d6 4. e3 Nd7 5. Be2 e5 6. Bg3 Qe7 7. O-O Ngf6 8. c4
Ne4 9. Bh4 g5 10. Bg3 h5 11. h3 Nxg3 12. fxg3 g4 13. Nh4 Nf6 14. Nc3 Bh6 15.
Qd3 e4 16. Qd2 gxh3 17. Nf5 Bxf5 18. Rxf5 Qe6 19. Raf1 Ng4 20. Bxg4 hxg4 21.
Nd5 O-O-O 22. Qa5 Bxe3+ 23. Nxe3 hxg2 24. Nxg2 Rh7 25. Rf6 Qxc4 26. Qf5+ Kb8
27. Qxh7 Qxd4+ 28. Kh1 e3 29. Qc2 Rh8+ 30. Nh4 Qd5+ 31. Kg1 Qd4 32. Rxf7 c6 33.
Rf8+ Rxf8 34. Rxf8+ Kc7 35. Rf7+ Kc8 36. Qf5+ 1-0

[Event "CPA Zevio 2017"]
[Site "?"]
[Date "2017.01.15"]
[Round "3.3"]
[White "Gneo, Marco"]
[Black "Dalla Vecchia, Paolo"]
[Result "1-0"]
[WhiteElo "1755"]
[BlackElo "1872"]
[PlyCount "30"]
[EventDate "2017.??.??"]

1. d4 c5 2. Nf3 cxd4 3. Nxd4 e5 4. Nb5 Qb6 5. e4 Bc5 6. Qd2 Nf6 7. Bd3 Nxe4 8.
Bxe4 Qxb5 9. Nc3 Qb4 10. Qg5 O-O 11. O-O f6 12. Qh5 f5 13. Bxf5 Rxf5 14. Qxf5
Nc6 15. Qd3 Qg4 1-0

[Event "CPA Zevio 2017"]
[Site "?"]
[Date "2017.01.15"]
[Round "3.4"]
[White "Pieropan, Giorgio"]
[Black "Pizzamano, Maria"]
[Result "1-0"]
[WhiteElo "1836"]
[BlackElo "1349"]
[PlyCount "62"]
[EventDate "2017.??.??"]

1. e4 e5 2. Nf3 Nc6 3. d4 exd4 4. Bc4 h6 5. O-O Nge7 6. c3 dxc3 7. Qb3 d5 8.
exd5 Na5 9. Qa4+ c6 10. dxc6 Nexc6 11. Nxc3 Nxc4 12. Qxc4 Be6 13. Qb5 Qc7 14.
Re1 Be7 15. Nd4 Bd7 16. Nd5 Qd6 17. Bf4 Nxd4 18. Bxd6 Nxb5 19. Bxe7 Be6 20.
Rad1 Rc8 21. f4 Nc7 22. Nxc7+ Kxe7 23. Nb5 Rc5 24. Nd4 Rd8 25. f5 Rcd5 26. Re4
Kf6 27. fxe6 fxe6 28. Rf1+ Ke7 29. Nxe6 R8d6 30. Nf4+ Kd7 31. Nxd5 Rxd5 1-0

[Event "CPA Zevio 2017"]
[Site "?"]
[Date "2017.01.15"]
[Round "3.6"]
[White "Goldoni, Claudio"]
[Black "Abdelaziz, Jimchi"]
[Result "1-0"]
[WhiteElo "2025"]
[BlackElo "1720"]
[PlyCount "47"]
[EventDate "2017.??.??"]

1. e4 d5 2. Nc3 dxe4 3. Nxe4 Bf5 4. Ng3 Bg6 5. f4 e6 6. Nf3 h6 7. d4 a6 8. Bd3
Bxd3 9. Qxd3 Nf6 10. f5 exf5 11. Nxf5 g6 12. Qe2+ Be7 13. Bxh6 gxf5 14. Bg7 Rg8
15. Bxf6 Nd7 16. Bg5 Kf8 17. Bh6+ Ke8 18. O-O Nf6 19. c3 Qd5 20. Rae1 Ne4 21.
Nd2 Rg6 22. Be3 Kd7 23. c4 Qd6 24. Rxf5 1-0

[Event "CPA Zevio 2017"]
[Site "?"]
[Date "2017.01.15"]
[Round "3.7"]
[White "Zenti, Edoardo"]
[Black "Zanchetta, Nicola"]
[Result "0-1"]
[WhiteElo "1676"]
[BlackElo "1967"]
[PlyCount "106"]

1. e4 e6 2. d4 d5 3. exd5 exd5 4. c4 Nf6 5. Nc3 c6 6. Bd3 Bb4 7. a3 Bxc3+ 8.
bxc3 dxc4 9. Bxc4 O-O 10. Ne2 Nd5 11. O-O Bf5 12. a4 a5 13. Ng3 Be6 14. Qb3 Nd7
15. f4 N7f6 16. f5 Bd7 17. Bg5 Qb6 18. Qa3 Qc7 19. Ba2 h6 20. Bd2 b5 21. c4
bxc4 22. Bxc4 Qb6 23. Qd3 Nb4 24. Qc3 Nbd5 25. Qd3 Nb4 26. Qc3 Rad8 27. Kh1 Bc8
28. Qb3 Qxd4 29. Bc3 Qh4 30. Bxf6 Qxf6 31. Ne4 Qe5 32. Rae1 Qd4 33. f6 g6 34.
Rf3 Nd5 35. Rd3 Qe5 36. Rg3 Bf5 37. Qb1 Rb8 38. Qc1 Qf4 39. Qxf4 Nxf4 40. Nd6
Be6 41. Bxe6 Nxe6 42. Nf5 Kh7 43. Ne7 Rb4 44. Kg1 Nd4 45. Nxg6 fxg6 46. Re7+
Kh8 47. Rxg6 Rb1+ 48. Kf2 Rb2+ 49. Ke1 Nf5 50. Rc7 Re8+ 51. Kd1 Ree2 52. g4
Ne3+ 53. Kc1 Rec2# 0-1

[Event "CPA Zevio 2017"]
[Site "?"]
[Date "2017.01.15"]
[Round "3.8"]
[White "Ferrara, Pietro"]
[Black "Kurylovich, Alena"]
[Result "1-0"]
[WhiteElo "1915"]
[BlackElo "1644"]
[PlyCount "63"]
[EventDate "2017.??.??"]

1. e4 c5 2. Nf3 e6 3. d4 cxd4 4. Nxd4 a6 5. Nc3 Qc7 6. Bd3 Nf6 7. O-O b5 8. a3
Bb7 9. Bg5 Be7 10. Kh1 Nc6 11. Nxc6 Bxc6 12. f4 h6 13. Bxf6 gxf6 14. f5 O-O-O
15. Qe2 Qe5 16. a4 Bd6 17. g3 Rdg8 18. axb5 axb5 19. Bxb5 h5 20. Bxc6 dxc6 21.
Qa6+ Kd7 22. Qb7+ Bc7 23. Rfd1+ Ke7 24. Ra7 Rc8 25. Qxc6 Rhd8 26. Rxd8 Kxd8 27.
Nb5 Qxb2 28. Rxc7 Qc1+ 29. Kg2 Qd2+ 30. Kh3 Rxc7 31. Qxc7+ Ke8 32. Qd6 1-0

[Event "CPA Zevio 2017"]
[Site "?"]
[Date "2017.01.15"]
[Round "3.9"]
[White "Di Giovanni, Giuseppe"]
[Black "Leone, Cataldo"]
[Result "0-1"]
[WhiteElo "1784"]
[BlackElo "1620"]
[PlyCount "78"]
[EventDate "2017.??.??"]

1. e4 e5 2. Nf3 d6 3. d4 exd4 4. Nxd4 Nf6 5. Nc3 Bd7 6. Be2 Nc6 7. O-O Be7 8.
Be3 O-O 9. f4 Nxd4 10. Bxd4 Bc6 11. Bd3 Re8 12. Qf3 Bf8 13. Rae1 a6 14. Qg3 g6
15. f5 Bg7 16. fxg6 hxg6 17. Bc4 Kf8 18. Qh4 d5 19. Bc5+ Kg8 20. Rd1 Nxe4 21.
Qxd8 Raxd8 22. Nxe4 dxc4 23. Rde1 Rxe4 24. Rb1 Re2 25. Rf2 Rxf2 26. Bxf2 Bd4
27. Rf1 Bxf2+ 28. Rxf2 Rd1+ 29. Rf1 Rxf1+ 30. Kxf1 Kg7 31. g3 Kf6 32. Kf2 Ke5
33. Ke3 f5 34. c3 b5 35. a3 Be4 36. h3 a5 37. h4 c5 38. Kd2 b4 39. a4 f4 0-1

[Event "CPA Zevio 2017"]
[Site "?"]
[Date "2017.01.15"]
[Round "3.10"]
[White "Peloni, Davide"]
[Black "Avanzini, Angelo"]
[Result "1-0"]
[WhiteElo "1742"]
[BlackElo "1522"]
[PlyCount "43"]
[EventDate "2017.??.??"]

1. e4 c5 2. Nc3 Nc6 3. f4 d6 4. Nf3 Bg4 5. Bc4 a6 6. Bxf7+ Kxf7 7. Ng5+ Ke8 8.
Qxg4 Qd7 9. Qxd7+ Kxd7 10. Nf7 Nf6 11. Nxh8 Ke8 12. f5 Nd4 13. Kd1 e6 14. fxe6
Nxe6 15. d3 Be7 16. Rf1 Kf8 17. g4 Kg8 18. g5 Nh5 19. Nd5 Bxg5 20. Nf7 Rf8 21.
Bxg5 Nxg5 22. Ne7# 1-0

[Event "CPA Zevio 2017"]
[Site "?"]
[Date "2017.01.15"]
[Round "3.11"]
[White "Fiscato, Claudio"]
[Black "Kapllani, Sheptim"]
[Result "0-1"]
[WhiteElo "1703"]
[BlackElo "1449"]
[PlyCount "82"]
[EventDate "2017.??.??"]

1. e4 g6 2. d4 d6 3. Nc3 Bg7 4. f4 b6 5. Nf3 Bb7 6. Bd3 e6 7. Be3 Nd7 8. O-O
Ne7 9. Qd2 O-O 10. e5 Nf5 11. Bxf5 exf5 12. Rad1 Re8 13. Qf2 d5 14. Kh1 c6 15.
Ne1 f6 16. Nd3 a5 17. a4 Qe7 18. Rfe1 Qf7 19. Qg3 Ba6 20. Nc1 Nf8 21. N1a2 Ne6
22. b4 Bc4 23. Rb1 Bh6 24. Qh4 Bg7 25. Qg3 h6 26. Qf3 h5 27. Red1 Nc7 28. bxa5
Bxa2 29. Nxa2 bxa5 30. Rb7 Re7 31. Rdb1 Ne6 32. R7b6 Nd8 33. Bd2 Ne6 34. Qd3
fxe5 35. fxe5 c5 36. c3 Raa7 37. Nc1 Reb7 38. Ne2 Rxb6 39. Rxb6 c4 40. Nf4 Nxf4
41. Bxf4 cxd3 0-1

[Event "CPA Zevio 2017"]
[Site "?"]
[Date "2017.01.15"]
[Round "3.12"]
[White "Magnabosco, Mauro Denis"]
[Black "Zonta, Riccardo"]
[Result "1-0"]
[WhiteElo "1767"]
[BlackElo "1582"]
[PlyCount "51"]
[EventDate "2017.??.??"]

1. c4 b6 2. Nc3 Bb7 3. e4 e6 4. d4 Nf6 5. Bd3 Be7 6. Nge2 d5 7. cxd5 exd5 8. e5
Ne4 9. O-O O-O 10. f3 Nxc3 11. bxc3 c5 12. Be3 cxd4 13. cxd4 Na6 14. a3 Nc7 15.
Qc2 Rc8 16. Qb1 Ne6 17. Bxh7+ Kh8 18. Bd3 a6 19. f4 f5 20. Bxf5 Rc6 21. Rf3 Nc7
22. Rh3+ Kg8 23. Bg4 Bc8 24. Qh7+ Kf7 25. f5 Bg5 26. Bh5+ 1-0

[Event "CPA Zevio 2017"]
[Site "?"]
[Date "2017.01.15"]
[Round "3.13"]
[White "Pisani, Valerio"]
[Black "Tencheni, Maurizio"]
[Result "1-0"]
[WhiteElo "1702"]
[BlackElo "1690"]
[PlyCount "97"]
[EventDate "2017.??.??"]

1. e4 c5 2. Nc3 e6 3. g3 b6 4. Bg2 Bb7 5. d3 a6 6. Nf3 Qc7 7. O-O d6 8. Be3 Nf6
9. h3 Nbd7 10. a4 Be7 11. Qe2 O-O 12. g4 d5 13. e5 d4 14. exf6 Bxf6 15. g5 Be7
16. Bd2 dxc3 17. Bxc3 Bd6 18. h4 Rae8 19. h5 e5 20. Nh4 Bxg2 21. Kxg2 Be7 22.
Qg4 Qd8 23. Bd2 g6 24. Rae1 Bd6 25. Re3 Re7 26. Rf3 e4 27. Re3 Ne5 28. Qxe4
Rfe8 29. Qd5 Qc7 30. f4 Ng4 31. Rxe7 Rxe7 32. hxg6 Re2+ 33. Kg3 Rxd2 34. gxh7+
Kxh7 35. Kxg4 Qe7 36. Kh5 Rh2 37. Qf5+ Kg8 38. Qg4 Qe8 39. Qg3 Qe2+ 40. Rf3 Be7
41. f5 Kf8 42. f6 Bd8 43. Qd6+ Ke8 44. Qf4 Bc7 45. Qe3+ Qxe3 46. Rxe3+ Kf8 47.
Kg4 Rxc2 48. Re7 Bd8 49. g6 1-0

[Event "CPA Zevio 2017"]
[Site "?"]
[Date "2017.01.15"]
[Round "3.14"]
[White "Levan, Alessandro"]
[Black "Benedetti, Maurizio"]
[Result "1/2-1/2"]
[WhiteElo "1590"]
[BlackElo "1635"]
[PlyCount "70"]
[EventDate "2017.??.??"]

1. e4 c5 2. c3 d5 3. e5 Bf5 4. d4 e6 5. Bd3 Bxd3 6. Qxd3 Nc6 7. f4 Nh6 8. Nf3
cxd4 9. cxd4 Bb4+ 10. Nc3 Nf5 11. g4 Nh4 12. O-O Nxf3+ 13. Rxf3 Rc8 14. a3 Bxc3
15. bxc3 O-O 16. Rh3 g6 17. f5 exf5 18. gxf5 Ne7 19. Bg5 Qd7 20. Bxe7 Qxe7 21.
f6 Qd7 22. Qe3 Qg4+ 23. Rg3 Qh4 24. Ra2 Rc4 25. Rh3 Qg4+ 26. Kf2 Qf5+ 27. Rf3
Qh5 28. Ke1 Qh4+ 29. Kf1 Rfc8 30. e6 Qe4 31. Qh6 Qxf3+ 32. Rf2 Qd1+ 33. Kg2
Qg4+ 34. Kf1 Qd1+ 35. Kg2 Qg4+ 1/2-1/2

[Event "CPA Zevio 2017"]
[Site "?"]
[Date "2017.01.15"]
[Round "3.15"]
[White "Rizzi, Matilde"]
[Black "Menini, Luca"]
[Result "1/2-1/2"]
[WhiteElo "1389"]
[BlackElo "1612"]
[PlyCount "75"]
[EventDate "2017.??.??"]

1. e4 Nf6 2. Nc3 d5 3. exd5 Nxd5 4. Qf3 Nxc3 5. Qxc3 Nc6 6. Bb5 Bd7 7. Ne2 e6
8. a3 Qg5 9. Bxc6 Bxc6 10. Rg1 Bd6 11. g3 O-O-O 12. d3 Qh5 13. h4 e5 14. Be3 f5
15. f4 exf4 16. Nxf4 Bxf4 17. Bxf4 Rhe8+ 18. Kd2 Qe2+ 19. Kc1 Qf2 20. Rd1 Re2
21. b3 Rde8 22. Kb2 Qb6 23. Qc4 Bb5 24. Qc3 Qc6 25. Qxc6 Bxc6 26. Rd2 Kd7 27.
Kc3 Bd5 28. b4 Re1 29. Rdd1 R1e6 30. Kd4 Bf3 31. Rf1 Bg4 32. Kc4 Rc6+ 33. Kb3
Re2 34. Rac1 Bh5 35. Rfe1 Bf7+ 36. Kb2 Rce6 37. Rxe2 Rxe2 38. Rd1 1/2-1/2

[Event "CPA Zevio 2017"]
[Site "?"]
[Date "2017.01.15"]
[Round "3.16"]
[White "Perantoni, Matteo"]
[Black "Jirillo, Antonio"]
[Result "0-1"]
[WhiteElo "1611"]
[BlackElo "1593"]
[PlyCount "108"]
[EventDate "2017.??.??"]

1. e4 Nf6 2. e5 Nd5 3. c4 Nb6 4. d4 d6 5. exd6 exd6 6. Nc3 Nc6 7. Be2 Qe7 8.
Be3 g6 9. Nf3 Bg7 10. O-O Bg4 11. Nd2 Bxe2 12. Nxe2 O-O 13. Qc2 Rfe8 14. Rfe1
Qd7 15. Nf3 Ne7 16. Rad1 Nf5 17. Bc1 Qc6 18. b3 a5 19. Bb2 a4 20. d5 Qc5 21.
Bxg7 Kxg7 22. Qc3+ Kg8 23. Ned4 Rxe1+ 24. Rxe1 Nxd5 25. Qd2 Nb6 26. Nxf5 Qxf5
27. Qh6 Qh5 28. Qxh5 gxh5 29. Nd4 axb3 30. axb3 Kf8 31. Nb5 Rc8 32. g3 Nd7 33.
b4 Ne5 34. Re3 Nxc4 35. Rc3 d5 36. Na3 Nxa3 37. Rxa3 b6 38. Kf1 c5 39. bxc5
bxc5 40. Ra6 Kg7 41. Ke2 Re8+ 42. Kd2 Re6 43. Ra4 f5 44. Rf4 Kf6 45. f3 Kg6 46.
Kd3 h6 47. Kd2 Ra6 48. Ke1 Ra1+ 49. Kf2 Ra2+ 50. Kg1 d4 51. h3 Rc2 52. g4 hxg4
53. fxg4 fxg4 54. Rxg4+ Kf5 0-1

[Event "CPA Zevio 2017"]
[Site "?"]
[Date "2017.01.15"]
[Round "3.17"]
[White "Antolini, Aldo"]
[Black "Nori, Marco"]
[Result "1-0"]
[WhiteElo "1660"]
[BlackElo "1440"]
[PlyCount "75"]
[EventDate "2017.??.??"]

1. g4 d5 2. Bg2 Nc6 3. h3 e5 4. d3 h6 5. Nc3 Bb4 6. Bd2 Be6 7. e3 Nge7 8. Nf3
Qd7 9. a3 Bd6 10. Qe2 a6 11. O-O-O O-O-O 12. Kb1 Na7 13. d4 f6 14. dxe5 fxe5
15. Na2 Qc6 16. Nb4 Qb6 17. Ka1 c5 18. Na2 Kb8 19. Qe1 Nac6 20. Nh4 e4 21. f4
Rc8 22. f5 Bf7 23. Bc1 Be5 24. Nc3 d4 25. Nxe4 Nd5 26. exd4 Nxd4 27. Qf2 Rhd8
28. Rhe1 Bf6 29. Nxf6 Nxf6 30. Re7 Rc7 31. Bf4 Rdd7 32. Bxc7+ Qxc7 33. Rxd7
Nxd7 34. Nf3 Qf4 35. Rd2 Nxf3 36. Bxf3 b6 37. Bh1 Ne5 38. Qxf4 1-0

[Event "CPA Zevio 2017"]
[Site "?"]
[Date "2017.01.15"]
[Round "3.18"]
[White "Martinelli, Franco"]
[Black "Venturini, Valter"]
[Result "1-0"]
[WhiteElo "1514"]
[BlackElo "1359"]
[PlyCount "81"]
[EventDate "2017.??.??"]

1. e4 b6 2. d4 Bb7 3. Nc3 e6 4. g3 Bb4 5. Bg2 Nf6 6. Bg5 Bxc3+ 7. bxc3 h6 8.
Bxf6 Qxf6 9. e5 Qf5 10. Bxb7 c6 11. Bxa8 Qe4+ 12. Qe2 Qxh1 13. O-O-O Qxh2 14.
Nf3 Qh5 15. Qe3 g5 16. Bb7 a6 17. Nd2 Kd8 18. Nc4 f6 19. Nd6 Qg6 20. f3 f5 21.
Qe2 Rf8 22. Bxa6 b5 23. Bxb5 cxb5 24. Qxb5 Nc6 25. Qc5 Ke7 26. Nxf5+ Kf7 27.
Nd6+ Kg8 28. Rd3 Qh5 29. Ne4 Qh1+ 30. Rd1 Qxf3 31. Nf6+ Kg7 32. Qc4 Qxg3 33.
Nh5+ Kg6 34. Nxg3 Rf4 35. Qd3+ Kg7 36. Nh5+ Kg8 37. Nxf4 gxf4 38. Rg1+ Kf8 39.
Qh7 Ne7 40. Qh8+ Kf7 41. Rg7# 1-0

[Event "CPA Zevio 2017"]
[Site "?"]
[Date "2017.01.21"]
[Round "4.1"]
[White "Oppici, Gabriele"]
[Black "Pieropan, Giorgio"]
[Result "1-0"]
[WhiteElo "2018"]
[BlackElo "1836"]
[PlyCount "85"]

1. d4 d5 2. Nf3 c5 3. c3 Nc6 4. e3 Nf6 5. Bd3 Qc7 6. Nbd2 Bg4 7. h3 Bh5 8. Qa4
Nd7 9. e4 Nb6 10. Qc2 c4 11. Be2 e6 12. O-O Be7 13. Re1 Bg6 14. Bf1 Nd7 15. Qd1
b5 16. b3 O-O 17. g3 Nf6 18. e5 Ne4 19. Nxe4 Bxe4 20. Ng5 Bg6 21. h4 h6 22. Nh3
a6 23. Nf4 Nd8 24. bxc4 bxc4 25. Nxg6 fxg6 26. Qg4 g5 27. hxg5 hxg5 28. Bxg5
Bxg5 29. Qxg5 Rf3 30. Qd2 Rb8 31. Rab1 Rb5 32. Rxb5 axb5 33. Rb1 Qa5 34. Rc1
Nc6 35. Be2 Rf8 36. Bg4 Re8 37. Kg2 b4 38. Qg5 bxc3 39. Qg6 Re7 40. Bxe6+ Kf8
41. Rh1 Ra7 42. Rh8+ Ke7 43. Qf7# 1-0

[Event "CPA Zevio 2017"]
[Site "?"]
[Date "2017.01.21"]
[Round "4.2"]
[White "Zenari, Marco"]
[Black "Gneo, Marco"]
[Result "1-0"]
[WhiteElo "2024"]
[BlackElo "1755"]
[PlyCount "49"]

1. e4 c6 2. d4 d5 3. e5 Bf5 4. h4 h6 5. g4 Bc8 6. h5 c5 7. c3 Nc6 8. Bg2 c4 9.
f4 b5 10. Be3 e6 11. Nf3 Be7 12. Nbd2 a5 13. Qc2 Qd7 14. Bh3 f5 15. gxf5 exf5
16. Bf2 Qe6 17. Nf1 Nf6 18. Ng3 Ng4 19. Bxg4 fxg4 20. Nh4 Bxh4 21. Rxh4 Qe7 22.
Nf5 Bxf5 23. Qxf5 Rf8 24. Qg6+ Kd7 25. Rxg4 1-0

[Event "CPA Zevio 2017"]
[Site "?"]
[Date "2017.01.21"]
[Round "4.3"]
[White "Steccanella, Willi"]
[Black "De Paoli, Emilio"]
[Result "1/2-1/2"]
[WhiteElo "1859"]
[BlackElo "1765"]
[PlyCount "54"]
[EventDate "2017.??.??"]

1. e4 d5 2. exd5 Nf6 3. d4 Nxd5 4. Bd3 Nb4 5. Be4 Nd7 6. Ne2 Nf6 7. Bd2 e5 8.
Bxb4 Bxb4+ 9. c3 Nxe4 10. Qa4+ Qd7 11. Qxb4 exd4 12. cxd4 Qd6 13. Qb3 O-O 14.
O-O Be6 15. Qe3 Nf6 16. Nbc3 Rfe8 17. Qf3 Bg4 18. Qd3 Rad8 19. Rad1 a6 20. f3
Bh5 21. Ne4 Nxe4 22. fxe4 Qb6 23. Rf2 Qb5 24. Nc3 Qb4 25. Rdd2 Bg6 26. a3 Qb6
27. Qc4 Qa5 1/2-1/2

[Event "CPA Zevio 2017"]
[Site "?"]
[Date "2017.01.21"]
[Round "4.4"]
[White "Negro, Raffaele"]
[Black "Goldoni, Claudio"]
[Result "1-0"]
[WhiteElo "1804"]
[BlackElo "2025"]
[PlyCount "41"]
[EventDate "2017.??.??"]

1. d4 d5 2. Bf4 Nf6 3. e3 e6 4. Nd2 c5 5. c3 Bd6 6. Bg3 Nc6 7. Ngf3 O-O 8. Bd3
Re8 9. Ne5 Qe7 10. f4 Qc7 11. O-O a6 12. Bh4 Be7 13. Rf3 g6 14. Rh3 b5 15. Nxf7
Kxf7 16. Bxf6 Kxf6 17. Rxh7 Rg8 18. Qg4 Rg7 19. Qg5+ Kf7 20. Bxg6+ Kg8 21. Qh6
1-0

[Event "CPA Zevio 2017"]
[Site "?"]
[Date "2017.01.21"]
[Round "4.6"]
[White "Leone, Cataldo"]
[Black "Ferrara, Pietro"]
[Result "1/2-1/2"]
[WhiteElo "1620"]
[BlackElo "1915"]
[PlyCount "180"]
[EventDate "2017.??.??"]

1. e4 e5 2. Nc3 Bc5 3. Nf3 d6 4. Na4 Nc6 5. Nxc5 dxc5 6. Bc4 Nf6 7. d3 Bg4 8.
c3 O-O 9. O-O Na5 10. Bb5 c6 11. Ba4 c4 12. Bc2 c5 13. Bg5 Qe7 14. Qe2 b5 15.
Rad1 Rad8 16. h3 Bh5 17. g4 Bg6 18. Nh4 h6 19. Nxg6 fxg6 20. Be3 cxd3 21. Rxd3
Rxd3 22. Bxd3 c4 23. Bc2 Nh7 24. Rd1 Qh4 25. Kh2 Ng5 26. Qf1 Rf3 27. Qg2 Rxh3+
28. Kg1 Nf3+ 29. Kf1 Nh2+ 30. Ke2 Nxg4 31. Bxa7 Qh5 32. Kd2 Qg5+ 33. Ke2 Rh2
34. Qf3 Qh4 35. Rg1 Nf6 36. Bb6 Nc6 37. Rxg6 Rh3 38. Qg2 Qh5+ 39. Kd2 Rh2 40.
Rxg7+ Kf8 41. Bc5+ Ke8 42. Qg3 Rh3 43. Qg6+ Qxg6 44. Rxg6 Kf7 45. Rg3 Rxg3 46.
fxg3 Nd8 47. a4 bxa4 48. Ke3 Ne6 49. Bd6 Ng4+ 50. Kf3 h5 51. Bxa4 Ng5+ 52. Kg2
Nxe4 53. Bc7 Ke6 54. Ba5 Kd5 55. Be8 Nef6 56. Bf7+ Kc5 57. Bb4+ Kb5 58. Kf3 e4+
59. Ke2 e3 60. Bd6 Nh6 61. Bg6 Nd5 62. Bxh5 Nf5 63. Be8+ Kb6 64. Be5 Kc5 65. g4
Nd6 66. Bd7 Ne4 67. Bd4+ Kd6 68. Bb5 Ng3+ 69. Kf3 Nf1 70. Bxc4 Nd2+ 71. Ke2
Nxc4 72. b3 Nf4+ 73. Ke1 Na5 74. Bxe3 Ng2+ 75. Kf2 Nxe3 76. Kxe3 Nxb3 77. Kf4
Ke6 78. Kg5 Kf7 79. Kh6 Kg8 80. Kg6 Nc5 81. c4 Nd7 82. Kf5 Kf7 83. g5 Nc5 84.
Ke5 Kg6 85. Kd5 Na6 86. Kc6 Kxg5 87. Kb5 Nc7+ 88. Kc6 Ne6 89. Kd6 Kf6 90. Kd7
Ke5 1/2-1/2